00705 2200217 4500001002100000005001700021008004100038035002500079040001200104082001200116084002100128245011500149260004600264300003000310500004700340504002700387650002700414700001600441850001200457990001800469INLIS00000000000873520150805120222.0  a0010-081500000000173 aYOPDYOG a610.696 aSK 610.696 Ver P aPREFERENSI sistem pembayaran jasa pelayanan kesehatan pada dokter keluarga di kota Yogyakartac/ Verdy[et.all] aYogyakartabUniversitas Gadjah Madac2007 aii, 19 lembar. ; 29,5 cm. aLaporan Universitas Gadjah Mada Yogyakarta aBibliografi hlm. 19-20 aDokter Sebagai Profesi aHARIPURNOMO aYOPDYOG a47085-PD/A.15